000 00317nam a22001337a 4500
008 170526b xxu||||| |||| 00| 0 eng d
020 _a9780130415370
041 _aeng
080 _27TH
_a62
100 _a27
101 _aIM
245 _aPROBABILITY&STATISTICS FOR ENGINEERS&SCIENTISTS
_cWALPOLE
942 _2udc
_cBK
999 _c14567
_d14567